4307-島原市(長崎県)の駅 - Statistics

General Stats
  • This quiz has been taken 8 times
  • The average score is 4 of 8
Answer Stats
Answer % Correct
島原
86%
島原港
71%
大三東
57%
松尾
57%
有明湯江
43%
三会
43%
霊丘公園体育館
43%
島原船津
43%
No matching quizzes found
Score Distribution
Percent of People with Each Score
Percentile by Number Answered
Your Score History
You have not taken this quiz